| 000 | 00390nam a22001217a 4500 | ||
|---|---|---|---|
| 082 | _a220 PRO | ||
| 100 |
_aDANISH,KAMRAN,ZAIN _971980 |
||
| 245 | _aPR-SOF-1254-DEVELOPMENT OF A RECUPERATING HEAT EXCHANGER FOR ITTEHAD STEEL MILLS | ||
| 260 |
_aISLAMABAD _bNUST COLLEGE OF EME _c2013 |
||
| 650 |
_aDE-MECH-31 _971981 |
||
| 700 |
_aSUPERVISOR DR WAHEEL UL HAQ,REHAN A KHAN _971982 |
||
| 942 | _cCR | ||
| 999 |
_c578221 _d578221 |
||